[Event "Let's Play Chess!"]
[Site "http://www.queenalice.com/game.php?id=625776"]
[Date "2009.7.28"]
[Round "-"]
[White "ckilee"]
[Black "aureliano"]
[Result "0-1"]
[WhiteElo "1728"]
[BlackElo "1527"]

1. d4 d5 2. c4 e6 3. Nc3 dxc4 4. e4 Ne7 5. Bg5 f6 6. Be3 Nec6 7. Bxc4 Bd6 8.
Qh5+ Ke7 9. e5 Bb4 10. Nf3 Nd7 11. Ng5 g6 12. Qh3 Qf8 13. Qxe6+ Kd8 14. Nf7+
Qxf7 15. Qxf7 fxe5 16. Bg5+ Be7 17. Bxe7+ Nxe7 0-1

[Event "Let's Play Chess!"]
[Site "http://www.queenalice.com/game.php?id=625777"]
[Date "2009.7.28"]
[Round "-"]
[White "aureliano"]
[Black "ckilee"]
[Result "1-0"]
[WhiteElo "1501"]
[BlackElo "1754"]

1. c4 e5 2. Nc3 b6 3. Qc2 Bb7 4. b3 Nf6 5. Nf3 d6 6. e3 Bxf3 7. gxf3 Nbd7 8. Bg2
g6 9. e4 Nh5 10. Ne2 Bg7 11. d3 O-O 12. Be3 f5 13. O-O-O f4 14. Bd2 c5 15. h4
Rb8 16. Bh3 b5 17. cxb5 Rxb5 18. Qc4+ Kh8 19. Qxb5 1-0

[Event "AUTO-OPEN-1636"]
[Site "http://www.queenalice.com/game.php?id=625813"]
[Date "2009.7.28"]
[Round "1"]
[White "Romerflu"]
[Black "ckilee"]
[Result "0-1"]
[WhiteElo "1560"]
[BlackElo "1704"]

1. e4 e5 2. d3 Nc6 3. Nf3 Bc5 4. c3 d6 5. h3 h6 6. b4 Bb6 7. b5 Nce7 8. Ba3 Nf6
9. h4 Bd7 10. g3 Bxb5 11. c4 Ba5+ 12. Nfd2 Bd7 13. Be2 O-O 14. h5 c5 15. f3 Nc6
16. Qb3 Nd4 17. Qd1 b5 18. Bb2 bxc4 19. Bxd4 cxd4 20. O-O cxd3 21. Bxd3 Nxh5 22.
f4 Nxg3 23. Rf2 f5 24. Nc4 fxe4 25. Bf1 Rxf4 26. Nxa5 Rxf2 27. Kxf2 Nxf1 28.
Kxf1 Qxa5 29. Nd2 Qa3 30. Nxe4 Bc6 31. Ng3 Qxg3 32. Qb3+ Qxb3 33. axb3 e4 34.
Ra6 Bb5+ 0-1

[Event "AUTO-OPEN-1636"]
[Site "http://www.queenalice.com/game.php?id=625814"]
[Date "2009.7.28"]
[Round "1"]
[White "ckilee"]
[Black "Romerflu"]
[Result "1-0"]
[WhiteElo "1763"]
[BlackElo "1582"]

1. d4 e6 2. c4 d5 3. Nc3 dxc4 4. e3 Bb4 5. Bxc4 Nf6 6. a3 Bxc3+ 7. bxc3 O-O 8.
Qf3 Nc6 9. e4 a6 10. e5 Nd5 11. Qh3 Na5 12. Bd3 Nxc3 13. Qxh7# 1-0

[Event "AUTO-OPEN-1636"]
[Site "http://www.queenalice.com/game.php?id=625837"]
[Date "2009.7.28"]
[Round "1"]
[White "FreitasPC"]
[Black "ckilee"]
[Result "0-1"]
[WhiteElo "1608"]
[BlackElo "1753"]

1. d4 Nf6 2. c4 e6 3. Nc3 b6 4. Nf3 Bb7 5. e3 c5 6. Be2 Bd6 7. O-O h5 8. Ne5 Qc7
9. f4 cxd4 10. exd4 Nc6 11. Bf3 Na5 12. Bxb7 Qxb7 13. b3 Bc7 14. Nb5 a6 15.
Nxc7+ Qxc7 16. Ba3 d6 17. b4 Nxc4 18. Rc1 dxe5 19. fxe5 Ng4 20. Qf3 Rd8 21. Rxc4
Qd7 22. h3 b5 23. Rc6 Qxd4+ 24. Kh1 Nxe5 25. Qc3 Nxc6 26. Qxc6+ Kf8 27. Qf3 f6
28. Rf2 Kf7 29. Qb7+ Rd7 30. Qxa6 Qe5 31. Bb2 Rd1+ 0-1

[Event "AUTO-OPEN-1636"]
[Site "http://www.queenalice.com/game.php?id=625838"]
[Date "2009.7.28"]
[Round "1"]
[White "ckilee"]
[Black "FreitasPC"]
[Result "0-1"]
[WhiteElo "1772"]
[BlackElo "1717"]

1. e4 e5 2. f4 d6 3. Nf3 Nc6 4. Bc4 h6 5. O-O Bg4 6. Qe1 Bxf3 7. Rxf3 Nd4 8. Rc3
b5 9. Bd5 Rb8 10. fxe5 dxe5 11. Bb3 Nxb3 12. axb3 Bd6 13. Rg3 g5 14. d3 Ra8 15.
Be3 a6 16. Nc3 Nf6 17. Qf2 Nh5 18. Rf3 Nf4 19. Qd2 c6 20. d4 Qf6 21. Kh1 Qe7 22.
dxe5 Bxe5 23. Bxf4 Bxf4 24. Qf2 O-O 25. Ne2 Qxe4 26. Nxf4 gxf4 27. Rxf4 Qe6 28.
Re1 Qd5 29. Qh4 Kh7 30. Rf6 Qg5 31. Qe4+ Kg7 32. Rxc6 Rae8 33. Qd4+ Kg8 34. Rxe8
Rxe8 35. h3 a5 36. Rc5 Qg3 37. Qg4+ Qxg4 38. hxg4 Re2 39. Rxb5 Rxc2 40. Rxa5
Rxb2 41. Ra8+ Kg7 42. Rb8 f6 43. Kh2 Kf7 44. Kg3 Kg6 45. Kf3 Kf7 46. g3 Ke6 47.
Ke4 Rg2 48. Rb6+ Kf7 49. Kf3 Rb2 50. Ke4 Rg2 51. Kd5 Rxg3 52. b4 Rxg4 53. Rb7+
Kg6 54. b5 Rb4 55. Kc6 h5 56. Ra7 h4 57. Ra1 f5 58. b6 f4 59. b7 Kf5 60. Ra5+
Kg4 61. Kc7 h3 62. Ra4 Rxb7+ 63. Kxb7 Kg3 64. Ra3+ f3 0-1

[Event "AUTO-OPEN-1636"]
[Site "http://www.queenalice.com/game.php?id=625853"]
[Date "2009.7.28"]
[Round "1"]
[White "ckilee"]
[Black "SkyChess"]
[Result "1-0"]
[WhiteElo "1714"]
[BlackElo "1931"]

1. c4 Nf6 2. Nc3 g6 3. d4 Bg7 4. Nf3 O-O 5. e3 d6 6. h3 c5 7. Be2 Bd7 8. O-O
cxd4 9. exd4 Qc7 10. Re1 Nc6 11. Bf4 e5 12. dxe5 dxe5 13. Bg3 Rad8 14. Qc2 Bf5
15. Qb3 Qe7 16. Rad1 Rxd1 17. Bxd1 e4 18. Nd2 1-0

[Event "AUTO-OPEN-1636"]
[Site "http://www.queenalice.com/game.php?id=625854"]
[Date "2009.7.28"]
[Round "1"]
[White "SkyChess"]
[Black "ckilee"]
[Result "1-0"]
[WhiteElo "1870"]
[BlackElo "1704"]

1. e4 e5 2. Nf3 Nf6 3. Nxe5 Nxe4 4. Qe2 Qe7 5. Qxe4 d6 6. d4 dxe5 7. dxe5 a6 8.
Bd3 g6 9. O-O Bg7 10. Re1 Nc6 11. Nc3 O-O 12. f4 Bf5 13. Qf3 Nd4 14. Qf2 Rad8
15. Be3 1-0

[Event "Challenge"]
[Site "http://www.queenalice.com/game.php?id=646416"]
[Date "2009.9.2"]
[Round "-"]
[White "ckilee"]
[Black "vult0"]
[Result "1-0"]
[WhiteElo "1739"]
[BlackElo "1758"]

1. e4 e5 2. f4 d6 3. Nf3 Bg4 4. Bc4 Nc6 5. c3 Nf6 6. Qb3 Qd7 7. Ng5 Be6 8. Nxe6
fxe6 9. Bxe6 Qe7 10. d3 b6 11. O-O Nd8 12. Qa4+ Nd7 13. Bh3 Nb7 14. b4 g6 15.
Qc6 O-O-O 16. Qa4 Kb8 17. Na3 exf4 18. Nb5 a5 19. bxa5 Nxa5 20. Bxf4 Nc5 21. Qc2
Bg7 22. Rae1 Nc6 23. d4 Na6 24. d5 Ne5 25. a4 Nc5 26. a5 bxa5 27. Ra1 Nb7 28.
Nd4 Ka8 29. Nc6 Nxc6 30. dxc6 Rhf8 31. cxb7+ Kxb7 32. Rfb1+ Ka6 33. Rxa5+ 1-0

[Event "Challenge"]
[Site "http://www.queenalice.com/game.php?id=646417"]
[Date "2009.9.2"]
[Round "-"]
[White "vult0"]
[Black "ckilee"]
[Result "1-0"]
[WhiteElo "1750"]
[BlackElo "1756"]

1. e4 e5 2. Nf3 Nc6 3. Nc3 Nf6 4. d3 Bc5 5. Bg5 d6 6. Nd5 Be6 7. Bxf6 gxf6 8.
Be2 Bxd5 9. exd5 Ne7 10. c4 Bb4+ 11. Nd2 f5 12. O-O Ng6 13. Qa4+ Qd7 14. Qxb4
O-O-O 15. a4 Nf4 16. Rfe1 Rdg8 17. g3 Nh3+ 18. Kf1 f4 19. Ne4 Rg6 20. c5 fxg3
21. fxg3 dxc5 22. Nxc5 Rf6+ 23. Kg2 Rf2+ 24. Kh1 Qxd5+ 25. Ne4 f5 26. Bf3 Rxf3
27. Rac1 fxe4 28. dxe4 Qf7 29. Qa5 a6 30. Qxe5 Re8 31. Rxc7+ Kb8 32. Rxf7+ Rxe5
33. Rxf3 1-0

[Event "Challenge"]
[Site "http://www.queenalice.com/game.php?id=683240"]
[Date "2009.11.14"]
[Round "-"]
[White "thedead"]
[Black "ckilee"]
[Result "0-1"]
[WhiteElo "1084"]
[BlackElo "1740"]

1. e4 e5 2. Nf3 d5 3. exd5 e4 4. Ne5 Qxd5 5. Nc4 Nf6 6. Ne3 Qc6 7. Nc3 a6 8. Be2
Bd6 9. O-O O-O 10. d3 exd3 0-1

[Event "Let's Play Chess!"]
[Site "http://www.queenalice.com/game.php?id=1173365"]
[Date "2013.4.20"]
[Round "-"]
[White "Eggchaser"]
[Black "ckilee"]
[Result "0-1"]
[WhiteElo "1903"]
[BlackElo "1749"]

1. Nf3 d5 2. c4 dxc4 3. Qa4+ Bd7 4. Qxc4 Nf6 5. g3 Nc6 6. Bg2 e6 7. O-O Bd6 8.
d3 Qe7 9. Be3 Ne5 10. Qc2 Bc6 11. Nbd2 Neg4 12. Bg5 h6 13. Bxf6 Qxf6 14. Qc3 Qg6
15. h3 Nf6 16. Ne5 Bxe5 17. Qxe5 Bxg2 18. Kxg2 c6 19. Qc5 Nd7 20. Qd6 O-O-O 21.
b4 Nb6 22. Qc5 Rd5 23. Qe3 Rhd8 24. Nf3 Kb8 25. a4 Nd7 26. Rfc1 Qf6 27. h4 Ne5
28. Nxe5 Rxe5 29. Qd2 g5 30. hxg5 Rxg5 31. Rab1 Rdd5 32. Qc3 Qxc3 33. Rxc3 a6
34. Rc4 Rge5 35. Re4 Kc7 36. Rxe5 Rxe5 37. e3 a5 38. b5 cxb5 39. axb5 Kb6 40.
Kf3 Rxb5 0-1

[Event "Let's Play Chess!"]
[Site "http://www.queenalice.com/game.php?id=1173366"]
[Date "2013.4.20"]
[Round "-"]
[White "ckilee"]
[Black "Eggchaser"]
[Result "1-0"]
[WhiteElo "1703"]
[BlackElo "1976"]

1. e4 d6 2. d4 Nf6 3. Nc3 g6 4. f4 Bg7 5. Nf3 c5 6. f5 cxd4 7. Nxd4 O-O 8. Bd3
Nc6 9. Nf3 a6 10. O-O b5 11. fxg6 hxg6 12. Be3 Bb7 13. Qd2 Rc8 14. Bh6 Ne5 15.
Nxe5 dxe5 16. Rf3 Bxe4 17. Rh3 Bf5 18. Bxg7 Bxh3 19. Qh6 Qd4+ 20. Kh1 Bxg2+ 21.
Kxg2 Qg4+ 22. Kf2 1-0

[Event "Let's Play Chess!"]
[Site "http://www.queenalice.com/game.php?id=1173517"]
[Date "2013.4.20"]
[Round "-"]
[White "GiulioTorino"]
[Black "ckilee"]
[Result "0-1"]
[WhiteElo "1797"]
[BlackElo "1730"]

1. e4 e5 2. Nf3 Nc6 3. Bc4 Bc5 4. d4 exd4 5. Ng5 Nh6 6. Qf3 Ne5 7. Qb3 O-O 8. f4
Nxc4 9. Qxc4 d6 10. Nd2 Ng4 11. Ndf3 h6 12. Nh3 Ne3 13. Bxe3 dxe3 14. O-O-O Bxh3
15. gxh3 Qe7 16. Rhg1 c6 17. Rg3 Kh7 18. Rdg1 Rg8 19. Nh4 Qxh4 20. f5 Qf4 21.
Kb1 e2 22. Qxe2 Bxg1 23. Rxg1 Rae8 24. Qd3 Qxe4 25. Qxd6 Qe1+ 26. Qd1 Qxd1+ 27.
Rxd1 Re2 28. a3 f6 29. Rd7 Rb8 30. c4 Rxh2 31. Rd3 Rf2 0-1

[Event "Let's Play Chess!"]
[Site "http://www.queenalice.com/game.php?id=1185402"]
[Date "2013.5.28"]
[Round "-"]
[White "ckilee"]
[Black "Barbaforcuta"]
[Result "1-0"]
[WhiteElo "1800"]
[BlackElo "2061"]

1. d4 d5 2. c4 c6 3. Nc3 Nf6 4. Bf4 e6 5. cxd5 exd5 6. e3 Bf5 7. h3 h5 8. Bd3
Bxd3 9. Qxd3 g6 10. Nf3 Bg7 11. O-O O-O 12. Rac1 Nbd7 13. Ng5 Rc8 14. Na4 b6 15.
Rc2 c5 16. Rfc1 c4 17. Qe2 b5 18. Nc3 Nb6 19. Nxb5 Qd7 20. Nc3 Rfe8 21. Nf3 Ne4
22. Nxe4 Rxe4 23. Ne5 Bxe5 24. Bxe5 Rxe5 25. dxe5 Qf5 26. f4 f6 27. exf6 Qxf6
28. Qd2 Rd8 29. Qd4 Qf5 30. b3 cxb3 31. axb3 Rd7 32. Rc7 Kf7 33. Rxd7+ Qxd7 34.
Qe5 Na8 35. Rc5 Qe6 36. Qxd5 Qxd5 37. Rxd5 Nb6 38. Rc5 1-0

[Event "Let's Play Chess!"]
[Site "http://www.queenalice.com/game.php?id=1185403"]
[Date "2013.5.28"]
[Round "-"]
[White "Barbaforcuta"]
[Black "ckilee"]
[Result "0-1"]
[WhiteElo "2088"]
[BlackElo "1771"]

1. e4 c5 2. c4 Nc6 3. Nf3 e5 4. Nc3 Nf6 5. d3 h6 6. Be2 Bd6 7. Be3 Nd4 8. O-O
Bc7 9. a3 Nxe2+ 10. Qxe2 d6 11. b4 cxb4 12. axb4 Bg4 13. Rxa7 Rxa7 14. Bxa7 O-O
15. h3 Bh5 16. g4 Bg6 17. Nh4 Nh7 18. Be3 Qxh4 19. Kh2 Ng5 20. Bxg5 Qxg5 21. Nd5
Bb8 22. Kg3 Ba7 23. h4 Qd8 24. f4 f6 25. g5 hxg5 26. hxg5 f5 27. fxe5 Qxg5+ 28.
Kh2 dxe5 29. Qf3 f4 30. Ra1 Bd4 31. Ra2 Bh5 32. Qf1 Qg3+ 33. Kh1 Bf3+ 34. Rg2
Qh3# 0-1